000 00740cam a2200193 4500
001 X103200
008 000000n1999 000 0 eng u
035 _a(Sirsi) u103200
245 _aHalifax plc v Ringrose & Co
260 _c1999
490 _aNew Property Cases
_v [1999] NPC 157, 11 December 1999
520 _aQBD 9 December 1999. Solicitors negligence. Mortgage fraud. Duties of solicitor. Duties of lender to pursue enquiries speedily. Limitation Act 1980. TAKEN FROM JOURNAL HEADNOTE-NO PHOTOCOPYING ALLOWED.
650 _aMORTGAGE FRAUD
650 _aNEGLIGENCE
650 _aHALIFAX PLC V RINGROSE AND CO
650 _aLIMITATION ACT 1980
690 _aMANAGEMENT-BUSINESS MANAGEMENT-PROFESSIONAL PRACTICE
942 _n0
999 _c62027
_d62027